| 000 | 01029cam a22003137a 4500 | ||
|---|---|---|---|
| 003 | CHAP | ||
| 005 | 20220329141637.0 | ||
| 008 | 971013s1955 r 00010 d | ||
| 010 | _a71554 | ||
| 011 | _a72526 | ||
| 035 | _a82082 | ||
| 040 | _cCHAP | ||
| 082 |
_a637.03 _bD38 |
||
| 100 | 0 | 0 |
_aDavis, J. G. _931268 |
| 245 | 1 | 2 | _aA dictionay of dairying |
| 250 | _a2 ed. | ||
| 260 |
_aNew York : _bInterscience, _c1955 |
||
| 300 |
_a1132 p. _b: ilus. |
||
| 500 | _aThe supplement to a dictionary of dairying. London, Leonard Hill, 1965. pp. 1133-1791 | ||
| 590 |
_aBATCH-UPD _b10 _c20130110 _lUCH01 _h0446 |
||
| 590 |
_aCONVERSION _b10 _c20130109 _lUCH01 _h1339 |
||
| 650 | 1 | 4 |
_aIndustria lechera _xDiccionarios. _957833 |
| 650 | 1 | 4 |
_aLeche. _965357 |
| 901 | _aBK | ||
| 942 | _cLIBRO | ||
| 949 |
_a637.03 D38 _bBC _cC _d33724000617213 _eC _fsup. _h16097 _i82082 _si _t200.00 |
||
| 949 |
_a637.03 D38 _bBC _cC _d33724000617221 _eC _fc.2 _h16097 _i82082 _si _t200.00 |
||
| 949 |
_a637.03 D38 _bBC _cC _d33724000617239 _eC _h16097 _i82082 _si _t200.00 |
||
| 999 |
_c71554 _d71554 |
||